LDR 01003naa#a2200169#i#450# 001 RU\INFRA-M\bibl\118286 005 20260419133923.7 011 ## _a2587-9111 100 ## _a20260417b2026####ek#y0rusy0150####ca 102 ## _aRU 200 1# _aОбеспечение преемственности, сбалансированности и непротиворечивости документов стратегического планирования в сфере морской политики Российской Федерации _eЖурнальная статья 210 1# _aМосква _cОбщество с ограниченной ответственностью «Научно-издательский центр ИНФРА-М» _d2026 215 ## _a5 с. 608 ## _aЖурнальная статья _2local 675 ## _aЭкономическая политика. Управление и планирование в экономике. 338.2 _z 700 #1 _aБогданова _gЮ. Н. 856 4# _azh-szf.ru _u